00786nam a2200193 a 450000100100000000500170001000800410002702000150006804000250008310000290010824501100013726000450024730000280029250400320032050400730035271000450042595201050047099900170057500004393120240307145622.0140509s2004 sp ac 000 0 spa d a8436938461 aDO-SdBNPbspacBNPHU1 aAzor Lacasta, Ana97186110aDioses y Demonios :bmanifestaciones de la religiosidad popular en América del Sur /cAna Azor Lacasta. a[Madrid] :bMuseo de América,c[200-]. a136 p. :bil. ;c29 cm. aBibliografía : p. 133-136 aIncluye referencias bibliográficas y notas al pie de las páginas1 aEspaña. bMinisterio de Cultura970975 001050718MOaGRbGRcCTd2014-05-09iLF1l0o p43931-10r2020-06-25w2020-06-25y1ZNo se presta c43420d43420